Teória portfólia aplikovaná v praxi
Markowitzova teória portfólia. Praktická aplikácia Markowitzovho modelu.
Salvato in:
| Autore principale: | |
|---|---|
| Natura: | Capitolo di libro |
| Lingua: | slovacco |
| Soggetti: | |
| Tags: |
Nessun Tag, puoi essere il primo ad aggiungerne!!
|
MARC
| LEADER | 00000naa a2200000 4500 | ||
|---|---|---|---|
| 001 | 0145007 | ||
| 005 | 20220715091542.9 | ||
| 041 | 0 | |a slo | |
| 044 | |a SK | ||
| 245 | 1 | 0 | |a Teória portfólia aplikovaná v praxi |c Tomáš Cár |
| 520 | |a Markowitzova teória portfólia. Praktická aplikácia Markowitzovho modelu. | ||
| 610 | 2 | 0 | |a teória portfólia |
| 610 | 2 | 0 | |a metódy kvantitatívne |
| 610 | 2 | 0 | |a modely štatistické |
| 100 | 1 | |a Cár, Tomáš | |